| 000 | 00430nam a2200121 a 4500 | ||
|---|---|---|---|
| 008 | 120416s9999 xx |||||||||||||| || u | ||
| 050 | _aNA 109.G7 Tho | ||
| 100 | _aThompson, Michael Welman | ||
| 245 | 1 | 0 | _aRuins |
| 246 | _atheir preservation and display | ||
| 350 | _a0.00 | ||
| 995 |
_D0.00 _FCBU-MAIN LIBRARY (Kitwe) _H1 _I0.00 _UAVAILABLE _ZMain Library Open Access Collection |
||
| 999 |
_c56782 _d56782 |
||